000 00785nam a2200205Ia 4500
005 20240530095254.0
008 140319s9999 xx 000 0 ara d
017 _bمصر. دار الكتب
040 _aGCL /
_cGCL
082 0 4 _a307.14
_bب ت
_221
110 0 _aبرنامج الامم المتحدة الانمائى
245 1 0 _aتقرير التنمية الانسانية العربية لعام 2002 :
_bخلق الفرص للاجيال القادمة /
_cبرنامج الامم المتحدة الانمائى
300 _a 134ص ؛
_c30 سم
650 0 4 _aالتكامل الاقتصادى
_2qrmak
650 0 4 _aالبطالة
_2qrmak
650 0 4 _aالمعلومات
_2qrmak
650 0 4 _aالتنمية البشرية
_2qrmak
651 _2qrmak
942 _2ddc
_cBK
999 _c5666
_d5666